[Event "MEX-ch"]
[Site "Pachuca"]
[Date "2007.11.09"]
[Round "4"]
[White "Santillan Aparicio, Adrian"]
[Black "Necoechea, Eugenio"]
[Result "1-0"]
[WhiteElo "1653"]
[BlackElo "2219"]
[PlyCount "35"]
[EventDate "2007.11.08"]
[EventType "swiss"]
[EventRounds "6"]
[EventCountry "MEX"]
[SourceTitle "EXT 2024"]
[Source "ChessBase"]
[SourceDate "2023.10.10"]
[SourceVersion "1"]
[SourceVersionDate "2023.10.10"]
[SourceQuality "1"]

1. e4 c5 2. Nc3 e6 3. Bc4 Nc6 4. a4 g6 5. d3 Bg7 6. Nge2 Nge7 7. 0-0 0-0 8. f4 d5 9. Bb3 Nd4 10. Nxd4 cxd4 11. Ne2 dxe4 12. dxe4 Nc6 13. Kh1 b6 14. Ng3 Bb7 15. f5 exf5 16. exf5 Ne5 17. Bf4 Ng4 18. Qxg4 1-0